| 000 | 00765nam a22002297a 4500 | ||
|---|---|---|---|
| 999 |
_c1053 _d1053 |
||
| 001 | 1053 | ||
| 003 | BD-JhCC | ||
| 005 | 20171015105806.0 | ||
| 008 | 171014s2012 bg |||| ||a| 00| 0 ben d | ||
| 020 | _a9789848866603 | ||
| 035 | _a(BD-JhCC)1053 | ||
| 040 |
_aBD-JhCC _dBD-JhCC |
||
| 041 | _aben | ||
| 082 |
_223 _a891.447109 _bMAJ 2012 |
||
| 100 | _aমাযহার, আহমাদ | ||
| 245 |
_aআবদুল মান্নান সৈয়দ : _bসর্বসত্তা নিমগ্ন সাহিত্যিক / _cআহমাদ মাযহার |
||
| 260 |
_aঢাকা: _bপাঠক সমাবেশ, _c2012 |
||
| 300 |
_a100 p. : _c21 cm. |
||
| 600 |
_aSaiyada, Abadula Mannana _y1943-2010 |
||
| 942 |
_2ddc _cBK |
||